000 00718nam a2200265Ia 4500
008 160803s9999 xx 000 0 und d
020 _a0 590617303
100 _aLondon, Jonathan
245 _aFroggy gets dressed /
245 _cby Jonathan London ; illustrated by Frank Remkiewicz.
260 _aNew York :
260 _bScholastic Inc.
260 _c1992
300 _aunnumbered pages :
300 _bcolor illustrations ;
300 _c21 x 25 cm
500 _aOriginally published: New York : Penguin Books, c1992.
650 _aClothing and dress --
650 _aFrogs --
650 _aSnow --
650 _xFiction.
650 _xFiction.
650 _xFiction.
700 _a300
999 _c299318
_d299318